00529nam a22001577a 450000500170000000800410001708200170005810000270007524500370010226000370013930000130017650000720018994200060026195200890026799900150035620250509082031.0250509b |||||||| |||| 00| 0 eng d 222a894bORU aJayakumaran, Thamilini aOru Koorvaalin NilalilbA memoir aKilinochchibSivakami Foundation a268 p ., aOru Koorvaalin Nilalil ( Sri lankan Edition) - Ninaivukk kurippukal cL 001040708LaWERCLbWERCLd2025-05-09l0o894 ORUp6932r2025-05-09w2025-05-09yL c6046d6046